| 000 | 00871nam a22003137 4500 | ||
|---|---|---|---|
| 001 | 4602293 | ||
| 003 | LIBRIS | ||
| 005 | 20210420055436.0 | ||
| 008 | 011211s1979 xxk 001 0 eng c | ||
| 020 | _a0192611283 | ||
| 040 |
_aLi* _cDLS |
||
| 080 |
_a616.8 _bD-53 |
||
| 100 | 1 | _aDiamond, Charles | |
| 245 | 0 | 4 |
_aThe facial nerve / _cCharles Diamond, Ivor Frew |
| 260 |
_aOxford : _bOxford U.P., _c1979 |
||
| 300 | _a283 s. | ||
| 440 | 0 |
_aOxford medical publications, _x99-0113758-6 |
|
| 650 | 2 | _aFacial nerve | |
| 650 | 2 | _aFacial nerve | |
| 650 | 2 | _aPeripheral nerve diseases | |
| 653 | _aნევროლოგია | ||
| 700 | 1 | _aFrew, Ivor | |
| 700 |
_aFrew,Ivor _9356 |
||
| 942 |
_2udc _cBK |
||
| 999 |
_c448 _d448 |
||